000 00486nam a2200181Ia 4500
005 20250508150719.0
008 008 250505s9999 xx 000 0 eng d
037 _aTextual
040 _aFEDL
_beng
_cFEDL
041 _aeng
_2eng
084 _a526.8, KEL
_qFEDL
100 _aKellaway George P
245 0 _aMap projections
260 _aLondon, UK
_bMethuen and Company Limited
_c1953
300 _a127p.
942 _cTEXL
_h526.8, KEL
999 _c1325221
_d1325221